Proliferic and spontaneous growth of urban centres in to metropolitan icties : the case of The Kuala Lumpur Metropolis

Bibliographic Details
Main Author: Goh, Hock Guan
Format: Book
Published: 1975
Subjects:

MARC

LEADER 00000cam a2200000 7i4500
001 0000016693
005 20060704.0
040 |a INS 
090 0 0 |a KK234 
100 1 |a Goh, Hock Guan 
245 1 0 |a Proliferic and spontaneous growth of urban centres in to metropolitan icties :   |b the case of The Kuala Lumpur Metropolis   |c Goh Hock Guan 
260 |a 1975 
300 |a 12 p. ;   |c 29 cm. 
650 0 0 |a City planning   |x Kuala Lumpur 
999 |a KK00000540   |b BOOK   |c Open Shelf   |e Default branch